ARRUPE JESUIT UNIVERSITY

CORONAVIRUS -STOP THE SPREAD - CLEAN,DISINFECT,COVER

Histoire de l'Afrique noire, d'hier à demain. (Record no. 128253)

MARC details
000 -LEADER
fixed length control field 00701cam a22002411 4500
001 - CONTROL NUMBER
control field 9466137
003 - CONTROL NUMBER IDENTIFIER
control field ARRUPE
005 - DATE AND TIME OF LATEST TRANSACTION
control field 20180925102148.0
008 - FIXED-LENGTH DATA ELEMENTS--GENERAL INFORMATION
fixed length control field 740129s1972 xx 000 0 fre
010 ## - LIBRARY OF CONGRESS CONTROL NUMBER
LC control number 73319520
035 ## - SYSTEM CONTROL NUMBER
System control number (OCoLC)785144
040 ## - CATALOGING SOURCE
Original cataloging agency DLC
Transcribing agency NIC
Modifying agency DLC
042 ## - AUTHENTICATION CODE
Authentication code premarc
050 00 - LIBRARY OF CONGRESS CALL NUMBER
Classification number DT20
Item number .K5
300 ## - PHYSICAL DESCRIPTION
Other physical details illus.
Dimensions 24cm.
100 2# - MAIN ENTRY--PERSONAL NAME
Personal name Ki-Zerbo, Joseph.
9 (RLIN) 20016
245 10 - TITLE STATEMENT
Title Histoire de l'Afrique noire, d'hier à demain.
260 ## - PUBLICATION, DISTRIBUTION, ETC. (IMPRINT)
Place of publication, distribution, etc Paris,
Name of publisher, distributor, etc Hatier
Date of publication, distribution, etc [1972]
300 ## - PHYSICAL DESCRIPTION
Extent 702 p.
504 ## - BIBLIOGRAPHY, ETC. NOTE
Bibliography, etc Includes bibliographies.
651 #0 - SUBJECT ADDED ENTRY--GEOGRAPHIC NAME
Geographic name Africa
General subdivision History.
9 (RLIN) 42539
906 ## - LOCAL DATA ELEMENT F, LDF (RLIN)
a 7
b cbc
c oclcrpl
d u
e ncip
f 19
g y-gencatlg
942 ## - ADDED ENTRY ELEMENTS (KOHA)
Source of classification or shelving scheme Library of Congress Classification
Koha item type Monograph ( Printed materials)
Holdings
Withdrawn status Lost status Source of classification or shelving scheme Damaged status Not for loan Home library Current library Date acquired Total Checkouts Full call number Barcode Date last seen Price effective from Koha item type
    Library of Congress Classification     ARRUPE LIBRARY ARRUPE LIBRARY 25/09/2018   DT20 .K5 46600002145 25/09/2018 25/09/2018 Monograph ( Printed materials)

 

Arrupe Library. PO Box MP320 Mt Pleasant, Harare, Zimbabwe
263 242 745411|librarian@aju.ac.zw